00485 2200157 4500001002100000005001500021035002000036007000300056008004100059020002200100100001900122245008700141250000900228260006800237300002200305INLIS00000000000012320210721063414 a0010-0721000108ta210721 1  a978-602-437-157-90 aPrima Duantika1 aASAL-USUL BURUNG HANTU :bCerita Rakyat /cBadan Pengembangan dan Pembinaan Bahasa a2016 aJakarta Timur :bBadan Pengembangan dan Pembinaan Bahasa,c2016 a61 :bFiksi ;c21